Pays se terminant par "ne" - Statistiques

Statistiques générales
  • Ce quiz a été pris 414 fois
  • Le résultat moyen est 6 sur 10
Statistiques - réponses
Pays % Correct
Espagne
86%
Argentine
83%
Allemagne
82%
Pologne
77%
Chine
73%
Ukraine
60%
République dominicaine
51%
Bosnie-Herzégovine
50%
Sierra Leone
39%
République Centrafricaine
38%
Aucun quiz correspondant
Distribution des résultats
% des personnes avec chaque résultat
Percentile par nombre de réponses
Votre historique - résultats
Vous n’avez pas pris ce quiz